Canadian Army Cadet Ranks by Insignia - Statistics

General Stats
  • This quiz has been taken 49 times
  • The average score is 5 of 10
Answer Stats
Picture Answer % Correct
Cadet
100%
Corporal, Bombardier
62%
Sergeant
52%
Lance-Corporal, Voltigeur, Highlander, Craftsman, Trooper, Fusilier, Signalman, Guardsman, Gunner, Sapper,
48%
Warrant Officer, Colour Sergeant
41%
Chief Warrant Officer
34%
Master Corporal, Master Bombardier
34%
Master Warrant Officer
34%
Drum Major
31%
Pipe Major
31%
No matching quizzes found
Score Distribution
Percent of People with Each Score
Percentile by Number Answered
Your Score History
You have not taken this quiz